[Event "Saarbruecken-chT U20"]
[Site "Saarbruecken"]
[Date "2006.11.23"]
[Round "5.4"]
[White "Zelbel, Patrick"]
[Black "Schwenke, Vincent"]
[Result "1-0"]
[WhiteElo "2079"]
[BlackElo "1810"]
[PlyCount "51"]
[EventDate "2006.11.??"]
[EventType "team-tourn"]
[EventRounds "7"]
[EventCountry "GER"]
[SourceTitle "EXT 2008"]
[Source "ChessBase"]
[SourceDate "2007.11.25"]
[SourceVersion "1"]
[SourceVersionDate "2007.11.25"]
[SourceQuality "1"]

1. e4 e5 2. Nf3 Nc6 3. Bb5 d6 4. d4 Bd7 5. Nc3 exd4 6. Nxd4 Nxd4 7. Bxd7+ Qxd7 8. Qxd4 Ne7 9. Be3 Nc6 10. Qd2 Be7 11. 0-0-0 0-0-0 12. Nd5 a6 13. Bb6 Qg4 14. f3 Qh4 15. g3 Qh5 16. Bxc7 Rd7 17. Nxe7+ Nxe7 18. Bxd6 Rhd8 19. Qc3+ Nc6 20. Rd5 Qg6 21. Bf4 Rxd5 22. exd5 Rxd5 23. Re1 Kd7 24. Qe3 Qe6 25. Qf2 Qf5 26. Qb6 1-0

[Event "GER-ch U16"]
[Site "Willingen"]
[Date "2006.06.09"]
[Round "9"]
[White "Mangold, Thomas"]
[Black "Schwenke, Vincent"]
[Result "1/2-1/2"]
[WhiteElo "1646"]
[BlackElo "1794"]
[PlyCount "56"]
[EventDate "2006.06.03"]
[EventType "swiss"]
[EventRounds "9"]
[EventCountry "GER"]
[SourceTitle "EXT 2007"]
[Source "ChessBase"]
[SourceDate "2006.11.23"]
[SourceVersion "1"]
[SourceVersionDate "2006.11.23"]
[SourceQuality "1"]

1. f4 d5 2. Nf3 g6 3. e3 Bg7 4. d4 e6 5. c4 dxc4 6. Bxc4 Ne7 7. Nc3 0-0 8. 0-0 b6 9. Bd2 Bb7 10. Rc1 Nd7 11. a3 c5 12. dxc5 Nxc5 13. Qe2 Rc8 14. b4 Ne4 15. Nxe4 Bxe4 16. Ba6 Rxc1 17. Bxc1 Qc7 18. Bb2 Qc2 19. Qxc2 Bxc2 20. Bxg7 Kxg7 21. Rc1 Be4 22. Rc7 Nd5 23. Rxa7 Nxe3 24. Kf2 Nc2 25. Bc4 Ra8 26. Ra6 Rxa6 27. Bxa6 Nxa3 28. Ne5 b5 1/2-1/2

[Event "GER-ch U16"]
[Site "Willingen"]
[Date "2006.06.08"]
[Round "8"]
[White "Schwenke, Vincent"]
[Black "Fink, Leander"]
[Result "1/2-1/2"]
[WhiteElo "1794"]
[BlackElo "1997"]
[PlyCount "26"]
[EventDate "2006.06.03"]
[EventType "swiss"]
[EventRounds "9"]
[EventCountry "GER"]
[SourceTitle "EXT 2007"]
[Source "ChessBase"]
[SourceDate "2006.11.23"]
[SourceVersion "1"]
[SourceVersionDate "2006.11.23"]
[SourceQuality "1"]

1. e4 c5 2. c4 Nc6 3. Nc3 e5 4. g3 d6 5. Bg2 Be7 6. Nge2 Nf6 7. 0-0 Nd4 8. d3 Bd7 9. f4 h5 10. h3 h4 11. g4 exf4 12. Nxf4 Qc8 13. g5 Ng4 1/2-1/2

[Event "GER-ch U25"]
[Site "Willingen"]
[Date "2005.05.14"]
[Round "1"]
[White "Schwenke, Vincent"]
[Black "Lantzsch, Christian"]
[Result "0-1"]
[WhiteElo "1711"]
[BlackElo "2141"]
[PlyCount "49"]
[EventDate "2005.05.14"]
[EventType "swiss"]
[EventRounds "9"]
[EventCountry "GER"]
[SourceTitle "CBM 106 Extra"]
[Source "ChessBase"]
[SourceDate "2005.07.01"]
[SourceVersion "1"]
[SourceVersionDate "2005.07.01"]
[SourceQuality "1"]

1. e4 c5 2. c4 Nc6 3. Nc3 e6 4. g3 Nf6 5. Bg2 Be7 6. Nge2 0-0 7. 0-0 d6 8. a3 Qc7 9. Rb1 b6 10. d4 cxd4 11. Nxd4 Bb7 12. f4 Nxd4 13. Qxd4 d5 14. b4 dxc4 15. Kh1 Rfd8 16. Qf2 Rd7 17. Bb2 Bc6 18. Rbd1 Rad8 19. Qe2 b5 20. Rxd7 Nxd7 21. Rd1 a5 22. Na2 axb4 23. axb4 Ra8 24. Bc3 Nb6 25. Qe3 0-1

[Event "GER-chT North U16"]
[Site "Syke"]
[Date "2004.09.18"]
[Round "6.2"]
[White "Schwenke, Vincent"]
[Black "Hollatz, Michael"]
[Result "1/2-1/2"]
[WhiteElo "1622"]
[BlackElo "1414"]
[PlyCount "120"]
[EventDate "2004.09.16"]
[EventType "team-swiss"]
[EventRounds "7"]
[EventCountry "GER"]
[SourceTitle "EXT 2006"]
[Source "ChessBase"]
[SourceDate "2005.11.24"]
[SourceVersion "1"]
[SourceVersionDate "2005.11.24"]
[SourceQuality "1"]

1. e4 e5 2. f4 exf4 3. Nf3 g5 4. Bc4 Nc6 5. Nc3 g4 6. 0-0 gxf3 7. Qxf3 Nf6 8. Qxf4 Bc5+ 9. Kh1 Bd4 10. Nd5 d6 11. Nxf6+ Qxf6 12. Qxf6 Bxf6 13. Rxf6 Ne5 14. Bb3 Ke7 15. Rf1 Be6 16. Bxe6 fxe6 17. d4 Nf7 18. Be3 h5 19. Rf2 a6 20. Raf1 Raf8 21. Rf6 Rhg8 22. Bd2 b6 23. Be1 Rg4 24. R6f4 Rxf4 25. Rxf4 Rg8 26. Bh4+ Ng5 27. Rf3 Kd7 28. Rg3 Rf8 29. Kg1 Nxe4 30. Rg7+ Kc6 31. Rh7 Rf4 32. Bd8 Rf8 33. Rxc7+ Kd5 34. Rc8 Nf6 35. c3 e5 36. dxe5 dxe5 37. Rb8 Nd7 38. Rc8 b5 39. b3 e4 40. c4+ bxc4 41. bxc4+ Kd6 42. Bc7+ Kc6 43. Rxf8 Nxf8 44. Bf4 Kc5 45. Kf2 Kxc4 46. Ke3 Kd5 47. h3 Ne6 48. Bh6 a5 49. g4 hxg4 50. hxg4 Ke5 51. a3 a4 52. g5 Kf5 53. g6 Kxg6 54. Kxe4 Kxh6 55. Kd5 Nc7+ 56. Kc5 Kg6 57. Kb4 Kf6 58. Kxa4 Ke6 59. Ka5 Kd6 60. Kb6 Kd7 1/2-1/2

[Event "GER-chT North U16"]
[Site "Syke"]
[Date "2004.09.18"]
[Round "5.2"]
[White "Szczap, Arthur"]
[Black "Schwenke, Vincent"]
[Result "1/2-1/2"]
[WhiteElo "1552"]
[BlackElo "1622"]
[PlyCount "94"]
[EventDate "2004.09.16"]
[EventType "team-swiss"]
[EventRounds "7"]
[EventCountry "GER"]
[SourceTitle "EXT 2006"]
[Source "ChessBase"]
[SourceDate "2005.11.24"]
[SourceVersion "1"]
[SourceVersionDate "2005.11.24"]
[SourceQuality "1"]

1. e4 c6 2. d4 d5 3. Nc3 dxe4 4. Nxe4 Bf5 5. Ng3 Bg6 6. Nf3 Nf6 7. Bd3 Bxd3 8. Qxd3 e6 9. Bg5 Be7 10. 0-0-0 h6 11. Bxf6 Bxf6 12. Ne4 0-0 13. g4 Nd7 14. h4 g6 15. g5 hxg5 16. Nxf6+ Nxf6 17. hxg5 Nh5 18. Rdg1 Kg7 19. Ne5 Rh8 20. Qf3 Qe7 21. Qg4 Rh7 22. Rg2 Rah8 23. Rgh2 Kg8 24. Nc4 Qb4 25. Nd2 Ng7 26. Rxh7 Rxh7 27. Rxh7 Kxh7 28. c3 Qb5 29. Ne4 Nh5 30. Qf3 Qd5 31. Nf6+ Nxf6 32. Qxf6 Qf5 33. Qe7 Qxf2 34. Qxb7 Qf4+ 35. Kd1 Qf3+ 36. Kd2 a5 37. Qe7 Kg7 38. a3 Qf2+ 39. Kc1 Qe3+ 40. Kc2 Qe2+ 41. Kc1 Qe1+ 42. Kc2 Qe2+ 43. Kc1 Qf1+ 44. Kc2 a4 45. Kd2 Qf2+ 46. Kc1 Qe3+ 47. Kc2 Qe4+ 1/2-1/2

[Event "GER-chT North U16"]
[Site "Syke"]
[Date "2004.09.17"]
[Round "3.2"]
[White "Schwenke, Vincent"]
[Black "Schneider, Matthias"]
[Result "1-0"]
[WhiteElo "1622"]
[BlackElo "1557"]
[PlyCount "67"]
[EventDate "2004.09.16"]
[EventType "team-swiss"]
[EventRounds "7"]
[EventCountry "GER"]
[SourceTitle "EXT 2006"]
[Source "ChessBase"]
[SourceDate "2005.11.24"]
[SourceVersion "1"]
[SourceVersionDate "2005.11.24"]
[SourceQuality "1"]

1. e4 c5 2. c4 d6 3. Nc3 Nf6 4. g3 Nc6 5. Bg2 e6 6. Nge2 Be7 7. 0-0 0-0 8. Rb1 a6 9. a3 Qc7 10. d3 b6 11. b4 cxb4 12. axb4 Bb7 13. Qb3 Ne5 14. Rd1 Rfc8 15. f4 Ned7 16. h3 h6 17. Be3 Rab8 18. Rd2 Ba8 19. Ra2 Bb7 20. Rba1 Ra8 21. Kh2 Rcb8 22. Nd4 Kf8 23. b5 Nc5 24. Qb1 a5 25. Nc6 Rc8 26. e5 dxe5 27. fxe5 Nfd7 28. d4 Bxc6 29. bxc6 Nxe5 30. dxc5 Nxc6 31. cxb6 Qb7 32. Rxa5 Bb4 33. Bxc6 Qxc6 34. Qxb4+ 1-0

[Event "GER-chT U16"]
[Site "Greifswald"]
[Date "2003.12.29"]
[Round "6.3"]
[White "Schwenke, Vincent"]
[Black "Vieten, Florian"]
[Result "0-1"]
[WhiteElo "1560"]
[BlackElo "1538"]
[PlyCount "154"]
[EventDate "2003.12.27"]
[EventType "team-swiss"]
[EventRounds "7"]
[EventCountry "GER"]
[SourceTitle "EXT 2022"]
[Source "ChessBase"]
[SourceDate "2021.10.06"]
[SourceVersion "1"]
[SourceVersionDate "2021.10.06"]
[SourceQuality "1"]
[WhiteTeam "Magdeburg Aufbau Elbe U16"]
[BlackTeam "Heinsberg U16"]
[WhiteTeamCountry "GER"]
[BlackTeamCountry "GER"]

1. e4 d5 2. exd5 Nf6 3. c4 e6 4. d4 exd5 5. Nc3 Nc6 6. Nf3 Bg4 7. c5 g6 8. Be2 Bg7 9. Bg5 0-0 10. 0-0 Re8 11. h3 Bf5 12. a3 Qd7 13. Bb5 Ne4 14. Bf4 f6 15. Re1 Re7 16. g4 Bxg4 17. Bxc6 bxc6 18. hxg4 Qxg4+ 19. Bg3 Nxg3 20. Rxe7 Nf5+ 21. Kf1 Nxe7 22. Qe2 Qh3+ 23. Kg1 Kf7 24. Re1 Re8 25. b4 Qd7 26. Qd3 Bh6 27. a4 Qg4+ 28. Kf1 Qh3+ 29. Kg1 Qg4+ 30. Kf1 Nf5 31. Rxe8 Kxe8 32. Qe2+ Kf8 33. Qd3 Qh3+ 34. Ke2 Nh4 35. Ne1 Qxd3+ 36. Nxd3 Nf5 37. b5 Nxd4+ 38. Kd1 Ke8 39. bxc6 Nxc6 40. Nxd5 Ne5 41. Nxf6+ Kf7 42. Nxe5+ Kxf6 43. Nc6 Bf8 44. Nxa7 Bxc5 45. Nc6 Bxf2 46. a5 h5 47. Ke2 Bd4 48. a6 h4 49. a7 Bxa7 50. Nxa7 c5 51. Nb5 Ke5 52. Ke3 g5 53. Nc3 g4 54. Ne4 h3 55. Nf2 Kf5 56. Ne4 c4 57. Nd6+ Ke5 58. Nxc4+ Kd5 59. Nb6+ Kc6 60. Nc4 h2 61. Ne5+ Kb7 62. Nxg4 h1Q 63. Kf4 Qe1 64. Ne5 Kc7 65. Nf3 Qc1+ 66. Kg3 Kd6 67. Kg2 Qe3 68. Kg3 Kd5 69. Kg4 Ke6 70. Ng5+ Kf6 71. Nf3 Qe7 72. Kg3 Kg6 73. Kf2 Kf5 74. Kg3 Qe3 75. Kg2 Kf4 76. Nh2 Qg3+ 77. Kh1 Qf2 0-1